000 00344nam a22001457a 4500
005 20170401153826.0
008 170401b xxu||||| |||| 00| 0 eng d
041 _aeng
100 _aMUKHERJEE,S.N
_93783
245 _aLONGWALL MACHINERY AND MECHANISATION
260 _bA.M PUBLISHERS
300 _a509
650 _aMINNING
_93784
942 _cBK
999 _c5391
_d5389